Devine la ville - Espagne - Statistiques

Statistiques générales
  • Ce quiz a été pris 582 fois
  • Le résultat moyen est 7 sur 15
Statistiques - réponses
Question Réponse % Correct
Club de foot surnommé le "Real" Madrid
100%
Possède le plus grand parc métropolitain au monde Barcelone
69%
Ville côtière portant le même nom qu'une ville française Valence
66%
On peut y voir l'Alhambra Grenade
64%
Connu pour ses discothèques et sa vie nocturne active Ibiza
62%
Important lieu de pèlerinage Saint-Jacques-de-Compostelle
60%
Célèbre pour son musée d'art moderne Bilbao
57%
Situé sur le continent africain Ceuta
53%
Reconnu comme lieu de création des tapas Séville
43%
Plus grande ville ne se trouvant pas sur le continent Palma
41%
Capitale de la région de l'Aragon Saragosse
36%
Ancienne capitale Tolède
32%
Port au sud important pour le commerce et l'exploration Cadix
21%
Fondé par les carthaginois Carthagène
20%
Traversé par le fleuve Guadalquivir Cordoue
20%
Aucun quiz correspondant
Distribution des résultats
% des personnes avec chaque résultat
Percentile par nombre de réponses
Votre historique - résultats
Vous n’avez pas pris ce quiz